Information driven management concepts and themes a toolkit for librarians

Bibliographic Details
Main Authors: Koenig, Michael E.D (Author), Maclntosh, Morgen (Author)
Format: Book
Language:English
PhysicalDescription:v, 73 s. 21 cm
Published: München K.G. Saur 1998
ISBN:359821815X
ISSN:0344-6891
Series:Publications
Subjects:

MARC

LEADER 00000nam a2200000 a 4500
001 vtls001359810
003 SK-MaSNL
005 20260302033942.0
008 251113s1998 DE r 0 eng
020 |a 359821815X  |c [1476,00] 
035 |a SNK000313351 
040 |a SNK  |b slo  |c SNK  |e AACR2 
044 |a DE 
080 |a 65.012.4:027.4  |2 1981 
100 1 |a Koenig, Michael E.D.  |4 aut  |9 684831 
245 1 0 |a Information driven management concepts and themes  |b a toolkit for librarians  |c by Michael E.D. Koenig with the assistance of Morgen Maclntosh 
260 |a München  |b K.G. Saur  |c 1998 
300 |a v, 73 s.  |c 21 cm 
490 1 |a Publications  |x 0344-6891  |v 86 
650 0 7 |a manažment knižníc  |x príručky  |2 SNK  |9 60986 
650 0 7 |a manažment knižníc  |x manažment informačno-riadiaci  |x úlohy  |x význam  |x príručky  |2 SNK  |9 64858 
700 1 |a Maclntosh, Morgen  |4 aut  |9 684832 
830 0 |a Publications  |9 684833 
919 |a 3-598-21815-X 
999 |c 1064113  |d 1066043 
952 |a SNK  |b SNK  |y VYP  |7 0  |p 17A0187577  |o snkIC 127693  |i snkV 207/99  |0 0  |1 0  |4 0  |d 1999-04-12  |l 0  |r 2005-01-02 00:00:00  |w 2026-02-24